|
|
|
|
| LEADER |
01050cam a2200253 7i4500 |
| 001 |
0000030938 |
| 005 |
20170726090000.0 |
| 020 |
|
|
|a 9780814410769 (hbk.)
|
| 020 |
|
|
|a 0814410766 (hbk.)
|
| 090 |
0 |
0 |
|a HF5549
|b .M53 2009
|
| 100 |
1 |
|
|a Muller, Max
|
| 245 |
1 |
4 |
|a The manager's guide to HR :
|b hiring, firing, performance evaluations, documentation, benefits, and everything else you need to know
|c Max Muller.
|
| 260 |
|
|
|a New York:
|b AMACOM,
|c 2009.
|
| 300 |
|
|
|a vi, 296 p.;
|c 24 cm.
|
| 650 |
0 |
0 |
|a Labor laws and legislation --
|z United States
|
| 650 |
0 |
0 |
|a Personnel management
|
| 650 |
0 |
0 |
|a Supervision of employees
|
| 997 |
|
|
|a Business & Accountancy, Faculty
|
| 997 |
|
|
|a Education & Social Sciences, Faculty
|b Social Sciences, Department
|
| 998 |
|
|
|a Human Resource Management, Degree
|
| 999 |
|
|
|a 0000007421
|b BOK
|c REFERENCE
|e Ground Floor, Bestari Jaya
|
| 999 |
|
|
|a 0000035488
|b BOK
|c REFERENCE
|e 2nd Floor, Shah Alam
|
| 999 |
|
|
|a 0000035552
|b BOK
|c REFERENCE
|e 2nd Floor, Shah Alam
|
| 999 |
|
|
|a 0000039801
|b BOK
|c OPEN SHELF
|e 1st Floor, Shah Alam
|